| 000 | 00874nam a22002297a 4500 | ||
|---|---|---|---|
| 999 |
_c175631 _d175631 |
||
| 005 | 20200911115253.0 | ||
| 010 | _aENG-128415 | ||
| 020 |
_c590.00 _a978177581218 |
||
| 035 | _aEN-111947 | ||
| 037 | _bDBAD/PUB | ||
| 082 | _a005.14 | ||
| 100 | _aDesikan, Srinivasan | ||
| 245 |
_aSoftware Testing:Principles and Practices/ _cby Srinivasan Desikan and Gopalswamy Ramesh; edited by Sojan Jose and M.E.Sethurajan |
||
| 260 |
_aNoida _bPearson _c2020 |
||
| 270 |
_a15th floor,Tower-B,Word Trade Tower,Plot no.1,Block-C sec 16, _bNoida _e201301 _k04466540100 _mcompanysecretary.india@pearson.com |
||
| 300 |
_axviii;486p. _c23cm(pbk) _bIllustrations, Graphs and Pictorials |
||
| 500 | _aIncludes Reference, Bibliography and Index | ||
| 700 | _aGopalswamy, Ramesh | ||
| 700 | _aJose, Sojan | ||
| 700 | _aSethurajan, M.E. | ||
| 942 |
_2ddc _cEN _h005.14 _mDES |
||